Football - Logo des équipes nationales - Statistiques

Statistiques générales
  • Ce quiz a été pris 217 fois
  • Le résultat moyen est 23 sur 28
Statistiques - réponses
Par images Réponse % Correct
Portugal
100%
Allemagne
98%
Angleterre
98%
Argentine
98%
Brésil
97%
Pays-Bas
97%
Albanie
95%
Algérie
95%
Croatie
95%
Espagne
95%
Maroc
95%
Danemark
91%
Etats-Unis
90%
Pays de Galles
86%
Sénégal
86%
Autriche
84%
Pologne
82%
Uruguay
81%
Ukraine
79%
Arabie Saoudite
76%
Hongrie
71%
Suisse
67%
Costa Rica
59%
République Tchèque
58%
Serbie
57%
Nigeria
54%
Macédoine du Nord
44%
Géorgie
24%
Aucun quiz correspondant
Distribution des résultats
% des personnes avec chaque résultat
Percentile par nombre de réponses
Votre historique - résultats
Vous n’avez pas pris ce quiz